Pracovníci a priemerné mzdy v okresoch Žilinského kraja za rok 1997

Podrobná bibliografia
Korporatívny autor: Slovenská republika Štatistický úrad Krajská správa Žilina (Autor)
Médium: Kniha
Jazyk:slovenčina
PhysicalDescription:[55] s. grafy, tab. 30 cm
Vydavateľské údaje: Žilina Krajská správa Štatistického úradu SR 1998
Edícia:Štatistické čísla a grafy
Predmet:

MARC

LEADER 00000nam a2200000 a 4500
001 vtls001329638
003 SK-MaSNL
005 20260301005656.0
008 251113s1998 xo ai y 0 slo
015 |a SNBE1998/04-02897 
020 |c 50,00 Sk 
035 |a SNK000282492 
040 |a SNK  |b slo  |c SNK  |e AACR2 
041 0 |a slo 
044 |a xo  |c SK 
080 |a 331.215(437.658)(083.9)"1997"  |2 1981 
110 0 |a Slovenská republika  |b Štatistický úrad  |b Krajská správa Žilina  |4 aut  |9 290339 
245 1 |a Pracovníci a priemerné mzdy v okresoch Žilinského kraja za rok 1997 
260 |a Žilina  |b Krajská správa Štatistického úradu SR  |c 1998 
300 |a [55] s.  |b grafy, tab.  |c 30 cm 
490 1 |a Štatistické čísla a grafy 
650 0 7 |a priemerné mzdy  |2 SNK  |9 73744 
651 7 |a Žilina (Slovensko : okres)  |2 SNK  |9 56327 
651 7 |a Žilinský kraj (Slovensko)  |2 SNK  |9 161162 
655 7 |a informačné publikácie  |2 SNK  |9 70181 
830 0 |a Štatistické čísla a grafy  |9 289640 
958 |a TL 
999 |c 545895  |d 547825 
952 |t P60, <03>, [BOOK], {603}  |a SNK  |b SNK  |y PREZ  |7 0  |p 17A0138232  |o snkOSB 11827/1997  |i snkKSP 4944/98  |0 0  |1 0  |4 0  |d 1998-05-05  |l 0  |r 2005-01-02 00:00:00  |w 2026-02-23